000 01613nam0a2200361 4500
001 RU\NLR\bibl\1449309
005 20250630113323.0
010 _a978-5-7853-1005-6
_93000
021 _aRU
_b2009-82490
_95179
035 _a(NLR Aleph) 001441136
035 _a(nilc)LIBNET\0000047088
090 _a1463714
_c1463714
100 _a20100701d2009 |||y0rusy50 ca
101 0 _arus
102 _aRU
105 _aa |||||||||
200 1 _a"От первопрестольного града Москвы..."
_eА. А. Виниус в Москве и Подмосковье
_fИ. Н. Юркин
_gРос. акад. наук, Ин-т истории естествознания и техники им. С. И. Вавилова
210 _aМосква
_cМосковские учебники
_d2009
215 _a237, [2] с.
_cил., портр.
_d25
320 _aБиблиогр.: с. 204-215 и в подстроч. прим.
320 _aУказ. имен, Указ. геогр. и топогр. назв.: с. 216-236
517 1 _aОт первопрестольного града Москвы...
600 1 _aВиниус
_bА.А.
_f1641 - 1717
_gАндрей Андреевич
_92511098
_3RU\NLR\auth\661488628
686 _aТ3(2)462-8
700 1 _aЮркин
_bИ. Н.
_gИгорь Николаевич
_4070
801 0 _aRU
_bВологодская ОУНБ
_c20100701
801 1 _aRU
_bВологодская ОУНБ
_c20100701
801 2 _aRU
_bNLR
_c20091208
_grcr
830 _aавт. по кн.
942 _cBOOK
980 _aNB